Localisation des principaux pays en géo 2 - Statistiques

Statistiques générales
  • Ce quiz a été pris 41 fois
  • Le résultat moyen est 33 sur 40
Réponses sur la Carte
Les réponses sont colorées sur une échelle allant du rouge au vert en fonction du pourcentage des utilisateurs qui les ont devinées à leur premier essai. Vous pouvez retrouver ces pourcentages ci-dessous.
 
Statistiques - réponses
Réponse % Correct
Mexique
96%
Afrique du Sud
92%
Algérie
92%
Argentine
92%
Brésil
92%
Corée du Sud
92%
Inde
92%
Japon
92%
Maroc
92%
Russie
92%
Australie
88%
Canada
88%
Chili
88%
Egypte
88%
Groenland
88%
Iran
88%
Israel
88%
Kazakhstan
88%
Pakistan
88%
République démocratique du congo
88%
Turquie
88%
USA
88%
Venezuela
88%
Arabie-Saoudite
84%
Chine
84%
Ethiopie
84%
Indonésie
84%
Pérou
84%
Thailande
84%
Vietnam
84%
Corée du Nord
80%
Malaisie
80%
Nigéria
80%
Philippines
80%
Taiwan
80%
Bangladesh
72%
Colombie
72%
Qatar
68%
Emirats Arabes Unis
64%
Singapour
4%
Aucun quiz correspondant
Distribution des résultats
% des personnes avec chaque résultat
Percentile par nombre de réponses
Votre historique - résultats
Vous n’avez pas pris ce quiz